000 00642nam a2200205Ia 4500
005 20220121155218.0
008 210716s2013 xx 000 0 und d
020 _a9789350973226
040 _cAIMIT LIBRARY
041 _aeng
082 _a332.12
_212
_bSRIP
100 _aSrivastava, Prem Kumar.
_914292
245 _aBanking:
_btheory and practice /
_cby Prem Kumar Srivastava
250 _a[12th ed.]
260 _aNew Delhi:
_bHimalaya Publishing House,
_c2013.
300 _a682p. ;24cm.
650 _aCommercial Banking In India
_914293
650 _aPresent Banking System in India
_914294
942 _2ddc
_cBK
_e12th
_k332.12 SHEK
999 _c208599
_d208599